|
|
|
|
| LEADER |
00000nta a2200000 i 4500 |
| 001 |
dolg20291 |
| 005 |
20190902110046.0 |
| 008 |
190430suuuu hu om 000 hun d |
| 040 |
|
|
|a BGE Dolgozattár Repozitórium
|b hun
|
| 041 |
|
|
|a hu
|
| 100 |
1 |
|
|a Varga Bence Krisztián
|
| 245 |
1 |
2 |
|a A horgászturizmus helyzete/fejlesztési lehetőségei a Tisza-tavi régióban
|c Varga Bence Krisztián
|h [elektronikus dokumentum]
|
| 695 |
|
|
|a horgászturizmus
|
| 695 |
|
|
|a Tisza-tavi régió
|
| 700 |
1 |
|
|a Talabos István
|e ths
|
| 856 |
4 |
0 |
|u http://dolgozattar.uni-bge.hu/20291/1/Szakdolgozat%20-%20Varga%20Bence%20Kriszti%C3%A1n.pdf
|z Dokumentum-elérés
|